The Big Bang Speech (Doctor Who) - Statistics

General Stats
  • This quiz has been taken 29 times
  • The average score is 50 of 85
Answer Stats
Answer % Correct
a
95%
a
95%
a
95%
a
95%
A
95%
a
95%
I
95%
I
95%
the
90%
the
90%
you
90%
you
90%
you
90%
you
90%
in
75%
in
75%
me,
75%
me.
75%
me.
75%
me
75%
who
75%
be
70%
story
70%
your
70%
and
65%
And
65%
And
65%
and
65%
on
65%
remember
65%
remember
65%
When
65%
Doctor.
60%
head.
60%
it
60%
it
60%
It
60%
up,
60%
won't
60%
you'll
60%
you'll
60%
box
55%
even
55%
have
55%
if
55%
Just
55%
little.
55%
man,
55%
wake
55%
all
50%
dad.
50%
end.
50%
good
50%
I'll
50%
make
50%
mum
50%
old
50%
old
50%
one,
50%
stories
50%
We're
50%
eh?
45%
hear
45%
know?
45%
Silly
45%
Silly
45%
was,
45%
was
45%
Well,
45%
away.
40%
best.
40%
Cause
40%
okay.
40%
ran
40%
stole
40%
that's
40%
magic
35%
could
30%
could
30%
daft
30%
It's
30%
funny.
25%
hang
25%
thought
25%
somehow.
20%
No matching quizzes found
Score Distribution
Percent of People with Each Score
Percentile by Number Answered
Your Score History
You have not taken this quiz